ՀՀ Գիտությունների ազգային ակադեմիայի հիմնարար գիտական գրադարան  =   Fundamental Scientific Library of NAS RA

Ժողովրդական պատմուածքներ / (Record no. 90009)

MARC details
000 -LEADER
fixed length control field 00958nam a2200229 a 4500
001 - CONTROL NUMBER
control field 000251134
003 - CONTROL NUMBER IDENTIFIER
control field AM-YeHGA
005 - DATE AND TIME OF LATEST TRANSACTION
control field 20250618071702.0
008 - FIXED-LENGTH DATA ELEMENTS--GENERAL INFORMATION
fixed length control field 030729s1908 ai 000 | arm d
040 ## - CATALOGING SOURCE
Original cataloging agency AM-YeHGA
090 ## - LOCALLY ASSIGNED LC-TYPE CALL NUMBER (OCLC); LOCAL CALL NUMBER (RLIN)
-- 91298
100 1# - MAIN ENTRY--PERSONAL NAME
Personal name Տոլստոյ, Լև Նիկոլաևիչ,
Dates associated with a name 1828-1910
9 (RLIN) 6686
245 10 - TITLE STATEMENT
Title Ժողովրդական պատմուածքներ /
Statement of responsibility, etc. Լ.Ն. Տոլստոյ; Թարգմ.՝ Ա.Մ.
260 ## - PUBLICATION, DISTRIBUTION, ETC.
Place of publication, distribution, etc. Թիֆլիս :
Name of publisher, distributor, etc. տպ. Ն. Աղանեանցի,
Date of publication, distribution, etc. 1908.
300 ## - PHYSICAL DESCRIPTION
Extent Պր. ;
Dimensions 20 սմ.
440 #0 - SERIES STATEMENT/ADDED ENTRY--TITLE
Title Աւետիս Պօղոսեանի հրատ. ֆոնդ
Volume/sequential designation № 2 (Պր. Ա.)
440 #0 - SERIES STATEMENT/ADDED ENTRY--TITLE
Title Ժողովրդական գրադարան
Volume/sequential designation № 2 (Պր. Բ.)
9 (RLIN) 5644
500 ## - GENERAL NOTE
General note Հեղինակի ծննդ. 80 ամեայ յօբելեանի առիթով
505 10 - FORMATTED CONTENTS NOTE
Miscellaneous information Պր. Ա. (1908, 128 էջ)
-- Պր. Բ. (1908, 70 էջ)
650 14 - SUBJECT ADDED ENTRY--TOPICAL TERM
Topical term or geographic name entry element Ռուս գրականություն
General subdivision Պատմվածք
9 (RLIN) 4645
700 0# - ADDED ENTRY--PERSONAL NAME
Personal name Ա.Մ.
Relator term թարգմ.
Relationship trl
Holdings
Withdrawn status Lost status Source of classification or shelving scheme Damaged status Not for loan Collection Home library Current library Date acquired Serial enumeration / chronology Total checkouts Full call number Barcode Date last seen Price effective from Koha item type Public note
    Universal Decimal Classification     Agulian Individual Collection Fundamental Scientific Library Fundamental Scientific Library 22/12/2016 Պր. Բ   Agul/470 FL0080461 22/12/2016 22/12/2016 Գրքեր / Books 30 Days Loan
    Universal Decimal Classification     General Fundamental Scientific Library Fundamental Scientific Library 22/12/2016 Պր. Ա   AII/52564 220052564 22/12/2016 22/12/2016 Գրքեր / Books 30 Days Loan


ՀՀ ԳԱԱ հիմնարար գիտական գրադարան
ՀՀ,Երևան 0019
Մարշալ Բաղրամյան 24/6
հեռախոս:(374-10) 52-47-50
Հետադարձ կապ

All site content, except where otherwise noted, is licensed under a
Creative Commons License